[Event "WCO 2016"]
[Site "?"]
[Date "2016.09.11"]
[Round "9"]
[Board "11"]
[WhiteID "12505951"]
[White "Hejazipour Mitra"]
[BlackID "873349"]
[Black "Movileanu Daniela"]
[Result "1-0"]
[BlackElo "2268"]
[WhiteElo "2314"]
[LiveChessVersion "1.4.8"]

1. d4 {[%clk 1:30:03]} Nf6 {[%clk 1:30:35]} 2. c4 {[%clk 1:30:14]} g6
{[%clk 1:30:41]} 3. Nc3 {[%clk 1:30:30]} d5 {[%clk 1:30:39]} 4. Nf3
{[%clk 1:30:48]} Bg7 {[%clk 1:30:51]} 5. Qb3 {[%clk 1:31:04]} dxc4
{[%clk 1:28:16]} 6. Qxc4 {[%clk 1:31:32]} O-O {[%clk 1:26:08]} 7. e4
{[%clk 1:31:50]} Na6 {[%clk 1:25:29]} 8. Be2 {[%clk 1:31:47]} c5 {[%clk 1:25:09]}
9. d5 {[%clk 1:31:55]} e6 {[%clk 1:24:53]} 10. O-O {[%clk 1:32:05]} exd5
{[%clk 1:25:03]} 11. exd5 {[%clk 1:32:33]} Qb6 {[%clk 1:24:42]} 12. Bf4
{[%clk 1:26:56]} Bf5 {[%clk 1:22:51]} 13. Nh4 {[%clk 1:16:58]} Bd7
{[%clk 1:17:46]} 14. Rad1 {[%clk 1:11:19]} Rfe8 {[%clk 1:06:26]} 15. Rfe1
{[%clk 1:09:14]} Nb4 {[%clk 0:52:34]} 16. Rc1 {[%clk 1:03:48]} Rad8
{[%clk 0:39:56]} 17. Be3 {[%clk 0:50:37]} Na6 {[%clk 0:38:30]} 18. h3
{[%clk 0:46:05]} Rc8 {[%clk 0:35:51]} 19. b3 {[%clk 0:37:38]} Qb4
{[%clk 0:31:02]} 20. Nf3 {[%clk 0:33:16]} Ne4 {[%clk 0:27:24]} 21. Nxe4
{[%clk 0:30:09]} Rxe4 {[%clk 0:27:46]} 22. Qc2 {[%clk 0:22:59]} Ree8
{[%clk 0:21:06]} 23. Bxa6 {[%clk 0:21:15]} bxa6 {[%clk 0:21:12]} 24. Bxc5
{[%clk 0:17:28]} Rxe1+ {[%clk 0:21:07]} 25. Nxe1 {[%clk 0:17:54]} Qb5
{[%clk 0:20:40]} 26. a4 {[%clk 0:12:23]} Qb7 {[%clk 0:20:10]} 27. Qd1
{[%clk 0:11:36]} Bf5 {[%clk 0:15:33]} 28. Rc4 {[%clk 0:09:26]} Rd8
{[%clk 0:12:33]} 29. d6 {[%clk 0:09:19]} a5 {[%clk 0:10:50]} 30. Qf3
{[%clk 0:07:24]} Qa6 {[%clk 0:05:09]} 31. Ba3 {[%clk 0:06:56]} Be5
{[%clk 0:02:07]} 32. Qc6 {[%clk 0:05:15]} Qxc6 {[%clk 0:01:49]} 33. Rxc6
{[%clk 0:05:44]} Be4 {[%clk 0:01:59]} 34. Ra6 {[%clk 0:04:37]} Rd7
{[%clk 0:01:37]} 35. Nf3 {[%clk 0:04:32]} Bc3 {[%clk 0:01:21]} 36. Bc5
{[%clk 0:04:14]} Bd5 {[%clk 0:00:42]} 37. Rxa7 {[%clk 0:04:30]} Rxa7
{[%clk 0:00:50]} 38. Bxa7 {[%clk 0:04:59]} Kf8 {[%clk 0:01:03]} 39. Bd4
{[%clk 0:03:35]} Bb4 {[%clk 0:00:39]} 40. d7 {[%clk 0:31:27]} Ke7
{[%clk 0:30:57]} 41. Ne5 {[%clk 0:28:33]} Be6 {[%clk 0:27:15]} 42. Kf1
{[%clk 0:25:47]} f6 {[%clk 0:16:37]} 43. Bb6 {[%clk 0:25:48]} Bxd7
{[%clk 0:16:59]} 44. Nxd7 {[%clk 0:25:43]} Kxd7 {[%clk 0:17:22]} 45. Ke2
{[%clk 0:26:03]} Kc6 {[%clk 0:14:11]} 46. Bd4 {[%clk 0:25:54]} Be7
{[%clk 0:14:20]} 47. Kd3 {[%clk 0:25:41]} Kd5 {[%clk 0:14:34]} 48. Bb6
{[%clk 0:23:54]} Bb4 {[%clk 0:14:33]} 49. Bd4 {[%clk 0:16:07]} Be7
{[%clk 0:12:52]} 50. Bc3 {[%clk 0:16:01]} Bd8 {[%clk 0:13:09]} 51. b4
{[%clk 0:15:55]} axb4 {[%clk 0:13:19]} 52. Bxb4 {[%clk 0:16:24]} Bb6
{[%clk 0:12:40]} 53. f3 {[%clk 0:16:50]} h5 {[%clk 0:00:56]} 54. a5
{[%clk 0:16:55]} Ba7 {[%clk 0:01:11]} 55. a6 {[%clk 0:16:19]} g5 {[%clk 0:00:41]}
56. Bd2 {[%clk 0:16:28]} Kc6 {[%clk 0:00:32]} 57. Be3 {[%clk 0:16:49]} Bxe3
{[%clk 0:00:40]} 58. Kxe3 {[%clk 0:17:18]} f5 {[%clk 0:00:35]} 1-0

[Event "WCO 2016"]
[Site "?"]
[Date "2016.09.11"]
[Round "9"]
[Board "12"]
[WhiteID "875813"]
[White "Di Benedetto Desiree"]
[BlackID "12506540"]
[Black "Hakimifard Ghazal"]
[Result "1/2-1/2"]
[BlackElo "2308"]
[WhiteElo "2183"]
[LiveChessVersion "1.4.8"]

1. Nf3 {[%clk 1:30:35]} Nf6 {[%clk 1:30:46]} 2. c4 {[%clk 1:30:58]} b6
{[%clk 1:31:07]} 3. g3 {[%clk 1:31:15]} c5 {[%clk 1:31:28]} 4. Bg2
{[%clk 1:31:03]} Bb7 {[%clk 1:31:51]} 5. O-O {[%clk 1:29:47]} e6 {[%clk 1:32:08]}
6. Nc3 {[%clk 1:28:16]} Be7 {[%clk 1:32:27]} 7. Re1 {[%clk 1:25:12]} d5
{[%clk 1:32:39]} 8. cxd5 {[%clk 1:24:11]} Nxd5 {[%clk 1:32:57]} 9. e4
{[%clk 1:19:32]} Nb4 {[%clk 1:33:20]} 10. d4 {[%clk 1:15:42]} cxd4
{[%clk 1:33:34]} 11. Nxd4 {[%clk 1:13:20]} N8c6 {[%clk 1:33:53]} 12. Be3
{[%clk 1:03:22]} Nxd4 {[%clk 1:33:31]} 13. Bxd4 {[%clk 1:00:05]} O-O
{[%clk 1:33:34]} 14. a3 {[%clk 0:52:05]} Nc6 {[%clk 1:33:36]} 15. Be3
{[%clk 0:47:22]} Ne5 {[%clk 1:26:09]} 16. Qb3 {[%clk 0:36:49]} Qc7
{[%clk 1:12:42]} 17. Red1 {[%clk 0:31:34]} Rfd8 {[%clk 1:05:06]} 18. Bf4
{[%clk 0:26:46]} Qc4 {[%clk 1:00:53]} 19. Qc2 {[%clk 0:26:09]} Bf6
{[%clk 0:47:40]} 20. Rxd8+ {[%clk 0:17:29]} Rxd8 {[%clk 0:48:01]} 21. Rd1
{[%clk 0:16:52]} Rc8 {[%clk 0:41:56]} 22. Qd2 {[%clk 0:16:04]} h6
{[%clk 0:41:28]} 23. Qd6 {[%clk 0:11:08]} Ng6 {[%clk 0:37:10]} 24. e5
{[%clk 0:05:55]} Bxg2 {[%clk 0:31:34]} 25. exf6 {[%clk 0:05:15]} Nxf4
{[%clk 0:26:20]} 26. Qxf4 {[%clk 0:03:21]} Qxf4 {[%clk 0:26:31]} 27. gxf4
{[%clk 0:03:50]} Bc6 {[%clk 0:26:39]} 28. fxg7 {[%clk 0:03:14]} Kxg7
{[%clk 0:27:04]} 29. Kf1 {[%clk 0:02:13]} f5 {[%clk 0:25:39]} 30. Ke2
{[%clk 0:01:49]} Kf6 {[%clk 0:26:02]} 31. Rg1 {[%clk 0:01:26]} Rd8
{[%clk 0:25:13]} 32. Ke3 {[%clk 0:01:17]} Bb7 {[%clk 0:24:24]} 33. Rd1
{[%clk 0:00:40]} Rxd1 34. Nxd1 {[%clk 0:01:10]} e5 {[%clk 0:17:33]} 35. f3
{[%clk 0:01:25]} e4 {[%clk 0:13:15]} 36. fxe4 {[%clk 0:01:39]} fxe4
{[%clk 0:13:29]} 37. Nc3 {[%clk 0:01:31]} Kf5 {[%clk 0:13:36]} 38. h3
{[%clk 0:01:39]} Bc6 {[%clk 0:12:48]} 39. Ne2 {[%clk 0:01:56]} Bd7
{[%clk 0:06:11]} 40. Ng3+ {[%clk 0:31:36]} Kg6 {[%clk 0:35:51]} 41. h4
{[%clk 0:29:38]} Kf6 {[%clk 0:32:24]} 42. Kxe4 {[%clk 0:26:07]} Bc6+
{[%clk 0:32:41]} 43. Ke3 {[%clk 0:24:39]} Bd7 {[%clk 0:30:40]} 44. Kf3
{[%clk 0:22:19]} Bc8 {[%clk 0:28:59]} 45. Ne2 {[%clk 0:18:51]} Bb7+
{[%clk 0:26:30]} 46. Kg3 {[%clk 0:16:07]} a6 {[%clk 0:22:04]} 47. Nd4
{[%clk 0:16:00]} Bc8 {[%clk 0:21:45]} 48. Kf3 {[%clk 0:15:50]} h5
{[%clk 0:21:09]} 49. Ke4 {[%clk 0:13:54]} Bb7+ {[%clk 0:21:34]} 50. Kd3
{[%clk 0:13:11]} Bd5 {[%clk 0:20:55]} 51. Kc3 {[%clk 0:13:15]} Bf7
{[%clk 0:18:38]} 52. Kb4 {[%clk 0:08:46]} Be8 {[%clk 0:16:43]} 53. b3
{[%clk 0:08:18]} Bf7 {[%clk 0:16:13]} 54. a4 {[%clk 0:07:59]} Bd5
{[%clk 0:15:14]} 55. Kc3 {[%clk 0:05:20]} Bf7 {[%clk 0:13:28]} 56. b4
{[%clk 0:04:30]} Be8 {[%clk 0:13:33]} 57. a5 {[%clk 0:04:21]} bxa5
{[%clk 0:13:40]} 58. bxa5 {[%clk 0:04:40]} Bd7 {[%clk 0:12:44]} 59. Kb4
{[%clk 0:04:42]} Bh3 {[%clk 0:12:59]} 60. Kc5 {[%clk 0:04:55]} Bf1
{[%clk 0:13:20]} 61. Kd6 {[%clk 0:04:22]} Bh3 {[%clk 0:11:37]} 62. Kc7
{[%clk 0:04:07]} Bf1 {[%clk 0:12:00]} 63. Kb6 {[%clk 0:04:27]} Bd3
{[%clk 0:12:05]} 64. Kc5 {[%clk 0:01:11]} Bf1 {[%clk 0:12:28]} 65. Kb4
{[%clk 0:01:18]} Bd3 {[%clk 0:11:43]} 66. Kc3 {[%clk 0:01:42]} Bf1
{[%clk 0:12:11]} 67. Kd2 {[%clk 0:01:59]} Bg2 {[%clk 0:11:57]} 68. Ke3
{[%clk 0:01:55]} Bd5 {[%clk 0:11:35]} 69. Kd3 {[%clk 0:01:31]} Bb7
{[%clk 0:10:58]} 70. Ke2 {[%clk 0:00:56]} Be4 {[%clk 0:10:31]} 71. Kf2
{[%clk 0:00:51]} Bd5 {[%clk 0:10:25]} 72. Kg3 {[%clk 0:00:51]} Be4
{[%clk 0:10:41]} 73. Nb3 {[%clk 0:00:45]} Bd5 {[%clk 0:10:15]} 74. Nc5
{[%clk 0:00:50]} Bc4 {[%clk 0:10:44]} 75. Kf3 {[%clk 0:00:42]} Kf5
{[%clk 0:10:42]} 76. Kg3 {[%clk 0:00:36]} Bb5 {[%clk 0:10:25]} 77. Kf3
{[%clk 0:00:36]} Bc4 {[%clk 0:10:03]} 78. Kg3 {[%clk 0:00:47]} Bb5
{[%clk 0:10:21]} 79. Nb7 {[%clk 0:00:37]} Bc6 {[%clk 0:10:23]} 80. Nd6+
{[%clk 0:00:51]} Ke6 {[%clk 0:10:37]} 81. Nc4 {[%clk 0:01:11]} Kf5
{[%clk 0:09:43]} 82. Nd2 {[%clk 0:01:08]} Ba4 {[%clk 0:08:39]} 83. Nf1
{[%clk 0:00:57]} Bb5 {[%clk 0:08:30]} 84. Nd2 Ba4 {[%clk 0:08:55]} 85. Nf3
{[%clk 0:01:16]} Ke4 {[%clk 0:08:56]} 86. Ng5+ {[%clk 0:01:26]} Kf5
{[%clk 0:09:21]} 87. Nh3 {[%clk 0:01:14]} Bb5 {[%clk 0:09:16]} 88. Nf2
{[%clk 0:01:13]} Be2 {[%clk 0:09:38]} 89. Nh3 {[%clk 0:00:43]} Bb5
{[%clk 0:10:00]} 90. Kf3 {[%clk 0:00:47]} Bc6+ {[%clk 0:10:25]} 91. Kg3
{[%clk 0:01:02]} 1/2-1/2

[Event "WCO 2016"]
[Site "?"]
[Date "2016.09.11"]
[Round "9"]
[Board "9"]
[WhiteID "3501418"]
[White "Arribas Robaina Maritza"]
[BlackID "1201930"]
[Black "Peptan Corina-Isabela"]
[Result "1/2-1/2"]
[BlackElo "2394"]
[WhiteElo "2315"]
[LiveChessVersion "1.4.8"]

1. e4 {[%clk 1:30:57]} c5 {[%clk 1:30:54]} 2. Nf3 {[%clk 1:31:20]} Nc6
{[%clk 1:31:21]} 3. Nc3 {[%clk 1:31:42]} g6 {[%clk 1:31:26]} 4. d4
{[%clk 1:31:58]} cxd4 {[%clk 1:31:50]} 5. Nxd4 {[%clk 1:32:21]} Bg7
{[%clk 1:32:18]} 6. Nxc6 {[%clk 1:31:44]} bxc6 {[%clk 1:32:26]} 7. Bc4
{[%clk 1:30:30]} Qc7 {[%clk 1:29:38]} 8. O-O {[%clk 1:30:11]} Nf6
{[%clk 1:30:00]} 9. Qe2 {[%clk 1:28:43]} d6 {[%clk 1:26:46]} 10. Bg5
{[%clk 1:22:19]} O-O {[%clk 1:22:17]} 11. h3 {[%clk 1:20:08]} Rb8
{[%clk 1:16:40]} 12. Bb3 {[%clk 1:18:12]} e6 {[%clk 1:09:54]} 13. Rad1
{[%clk 1:14:22]} d5 {[%clk 1:04:31]} 14. Qf3 {[%clk 1:04:29]} Nd7
{[%clk 0:58:55]} 15. exd5 {[%clk 1:02:39]} cxd5 {[%clk 0:58:38]} 16. Rfe1
{[%clk 1:01:46]} d4 {[%clk 0:46:49]} 17. Ne4 {[%clk 0:57:08]} Bb7
{[%clk 0:46:08]} 18. Qf4 {[%clk 0:43:13]} e5 {[%clk 0:36:35]} 19. Qg3
{[%clk 0:39:59]} Bxe4 {[%clk 0:29:34]} 20. Rxe4 {[%clk 0:40:21]} Qc6
{[%clk 0:29:35]} 21. Ree1 {[%clk 0:37:11]} h6 {[%clk 0:25:23]} 22. Be7
{[%clk 0:30:53]} Rfe8 {[%clk 0:25:52]} 23. Ba3 {[%clk 0:31:13]} a5
{[%clk 0:19:34]} 24. c3 {[%clk 0:29:57]} a4 {[%clk 0:19:58]} 25. Bc2
{[%clk 0:29:25]} Nb6 {[%clk 0:19:27]} 26. Be4 {[%clk 0:28:30]} Qb5
{[%clk 0:14:20]} 27. Bd3 {[%clk 0:17:23]} Qd5 {[%clk 0:14:48]} 28. cxd4
{[%clk 0:15:17]} exd4 {[%clk 0:14:54]} 29. Qd6 {[%clk 0:13:52]} Red8
{[%clk 0:13:37]} 30. Qxd5 {[%clk 0:13:31]} Nxd5 {[%clk 0:13:55]} 31. Bc4
{[%clk 0:11:07]} Bf6 {[%clk 0:11:53]} 32. g3 {[%clk 0:08:58]} h5 {[%clk 0:05:07]}
33. h4 {[%clk 0:08:20]} Kg7 {[%clk 0:05:34]} 34. Rd3 {[%clk 0:06:59]} Nb6
{[%clk 0:04:24]} 35. Bb5 {[%clk 0:06:34]} Nd7 {[%clk 0:04:28]} 36. Bxd7
{[%clk 0:03:50]} Rxd7 {[%clk 0:04:54]} 37. Rc1 {[%clk 0:03:59]} Ra8
{[%clk 0:01:11]} 38. Rc4 {[%clk 0:03:51]} Ra5 {[%clk 0:01:15]} 39. Bc5
{[%clk 0:02:37]} Kh7 {[%clk 0:01:03]} 40. b4 {[%clk 0:31:11]} axb3
{[%clk 0:31:21]} 41. axb3 {[%clk 0:29:16]} Rd5 {[%clk 0:25:43]} 42. b4
{[%clk 0:26:04]} Ra2 {[%clk 0:25:16]} 43. Rc1 {[%clk 0:24:36]} Rf5
{[%clk 0:22:25]} 44. Rf1 {[%clk 0:24:04]} Ra8 {[%clk 0:22:37]} 45. Rfd1
{[%clk 0:21:48]} Rd8 {[%clk 0:18:53]} 46. Kg2 {[%clk 0:21:27]} g5
{[%clk 0:15:15]} 47. hxg5 {[%clk 0:20:19]} Rxg5 {[%clk 0:15:29]} 48. f4
{[%clk 0:19:34]} Rg4 {[%clk 0:09:30]} 1/2-1/2

[Event "WCO 2016"]
[Site "?"]
[Date "2016.09.11"]
[Round "9"]
[Board "10"]
[WhiteID "1201590"]
[White "Cosma Elena-Luminita"]
[BlackID "3504794"]
[Black "Linares Napoles Oleiny"]
[Result "1/2-1/2"]
[BlackElo "2276"]
[WhiteElo "2331"]
[LiveChessVersion "1.4.8"]

1. d4 {[%clk 1:30:58]} Nf6 {[%clk 1:30:49]} 2. Nf3 {[%clk 1:31:22]} g6
{[%clk 1:31:11]} 3. g3 {[%clk 1:31:38]} Bg7 {[%clk 1:31:26]} 4. Bg2
{[%clk 1:32:00]} O-O {[%clk 1:31:45]} 5. O-O {[%clk 1:32:12]} d6 {[%clk 1:32:03]}
6. c4 {[%clk 1:32:31]} Nbd7 {[%clk 1:32:06]} 7. Nc3 {[%clk 1:32:51]} e5
{[%clk 1:31:15]} 8. h3 {[%clk 1:33:12]} Re8 {[%clk 1:30:56]} 9. dxe5
{[%clk 1:32:38]} dxe5 {[%clk 1:30:34]} 10. Be3 {[%clk 1:32:57]} c6
{[%clk 1:28:41]} 11. Qb3 {[%clk 1:30:37]} Qe7 {[%clk 1:26:59]} 12. Rfd1
{[%clk 1:23:43]} Nf8 {[%clk 1:16:52]} 13. Na4 {[%clk 1:16:04]} Ne4
{[%clk 1:13:40]} 14. Rac1 {[%clk 0:51:31]} Be6 {[%clk 1:01:23]} 15. Qc2
{[%clk 0:50:52]} f5 {[%clk 0:57:11]} 16. b3 {[%clk 0:40:54]} Nd7 {[%clk 0:46:56]}
17. Nd2 {[%clk 0:38:38]} Nef6 {[%clk 0:42:09]} 18. Nf1 {[%clk 0:37:25]} Nh5
{[%clk 0:31:36]} 19. Bd2 {[%clk 0:33:35]} Rac8 {[%clk 0:29:33]} 20. Be1
{[%clk 0:28:21]} Bh6 {[%clk 0:24:50]} 21. Bd2 {[%clk 0:26:57]} Bg7
{[%clk 0:25:14]} 22. Be1 {[%clk 0:23:45]} Bh6 {[%clk 0:25:32]} 23. Bd2
{[%clk 0:17:21]} Bg7 {[%clk 0:20:50]} 1/2-1/2

[Event "WCO 2016"]
[Site "?"]
[Date "2016.09.11"]
[Round "9"]
[Board "11"]
[WhiteID "3506487"]
[White "Llaudy Pupo Lisandra"]
[BlackID "13903063"]
[Black "Bulmaga Irina"]
[Result "0-1"]
[BlackElo "2395"]
[WhiteElo "2269"]
[LiveChessVersion "1.4.8"]

1. e4 {[%clk 1:30:48]} c5 {[%clk 1:30:53]} 2. Nf3 {[%clk 1:30:58]} e6
{[%clk 1:31:16]} 3. d4 {[%clk 1:31:06]} cxd4 {[%clk 1:31:39]} 4. Nxd4
{[%clk 1:31:28]} Nc6 {[%clk 1:32:04]} 5. Nxc6 {[%clk 1:31:07]} bxc6
{[%clk 1:32:19]} 6. Bd3 {[%clk 1:30:57]} Nf6 {[%clk 1:30:11]} 7. O-O
{[%clk 1:28:32]} d5 {[%clk 1:29:58]} 8. Nd2 {[%clk 1:28:35]} Qc7 {[%clk 1:28:03]}
9. c4 {[%clk 1:24:55]} dxe4 {[%clk 1:22:32]} 10. Nxe4 {[%clk 1:24:24]} Nxe4
{[%clk 1:15:39]} 11. Bxe4 {[%clk 1:24:46]} Bb7 {[%clk 1:08:38]} 12. Qe2
{[%clk 1:15:16]} Bd6 {[%clk 1:08:06]} 13. Qh5 {[%clk 1:05:29]} g6
{[%clk 1:02:25]} 14. Qh4 {[%clk 1:00:03]} O-O {[%clk 0:57:44]} 15. Bg5
{[%clk 0:53:35]} f5 {[%clk 0:55:51]} 16. Bf3 {[%clk 0:49:51]} Rae8
{[%clk 0:49:08]} 17. Rad1 {[%clk 0:33:26]} Be5 {[%clk 0:38:29]} 18. b4
{[%clk 0:22:33]} Bc3 {[%clk 0:36:43]} 19. a3 {[%clk 0:18:40]} a5 {[%clk 0:14:52]}
20. bxa5 {[%clk 0:12:29]} e5 {[%clk 0:15:20]} 21. Rd3 {[%clk 0:09:31]} Bd4
{[%clk 0:10:27]} 22. Rxd4 {[%clk 0:04:33]} exd4 {[%clk 0:10:55]} 23. Qxd4
{[%clk 0:04:54]} c5 {[%clk 0:10:50]} 24. Bd5+ {[%clk 0:04:50]} Bxd5
{[%clk 0:11:10]} 25. Qxd5+ {[%clk 0:05:19]} Rf7 {[%clk 0:11:05]} 26. a6
{[%clk 0:04:40]} f4 {[%clk 0:07:44]} 27. h4 {[%clk 0:03:48]} Qb6 {[%clk 0:01:57]}
28. Rd1 {[%clk 0:01:32]} Qxa6 {[%clk 0:00:46]} 29. Qxc5 {[%clk 0:00:54]} Qe6
{[%clk 0:00:49]} 30. a4 {[%clk 0:00:34]} f3 {[%clk 0:00:54]} 31. gxf3
{[%clk 0:00:51]} Rxf3 {[%clk 0:00:45]} 32. Qd5 {[%clk 0:01:16]} Rf5
{[%clk 0:00:39]} 33. Qxe6+ {[%clk 0:01:08]} Rxe6 {[%clk 0:01:09]} 34. Rd8+
{[%clk 0:00:35]} Rf8 {[%clk 0:01:25]} 35. Rd2 {[%clk 0:00:33]} Re4
{[%clk 0:00:40]} 36. Rc2 {[%clk 0:00:48]} Ra8 {[%clk 0:00:54]} 37. c5
{[%clk 0:00:54]} Raxa4 {[%clk 0:00:54]} 38. Rb2 {[%clk 0:00:41]} Rab4
{[%clk 0:00:44]} 39. Ra2 {[%clk 0:00:46]} Ra4 {[%clk 0:00:48]} 40. Rb2
{[%clk 0:31:03]} Rg4+ {[%clk 0:30:41]} 41. Kf1 {[%clk 0:31:11]} Ra7
{[%clk 0:25:51]} 42. Rc2 {[%clk 0:28:03]} Rc7 {[%clk 0:22:31]} 43. Rc3
{[%clk 0:18:21]} Rd4 {[%clk 0:20:52]} 44. Kg2 {[%clk 0:18:05]} Rc6
{[%clk 0:19:30]} 45. Kg3 {[%clk 0:17:00]} Kf7 {[%clk 0:18:04]} 46. Be3
{[%clk 0:13:53]} Rb4 {[%clk 0:17:36]} 47. Ra3 {[%clk 0:13:13]} h5
{[%clk 0:17:11]} 48. Ra7+ {[%clk 0:11:26]} Kf6 {[%clk 0:17:16]} 49. f3
{[%clk 0:10:51]} Rc4 {[%clk 0:14:33]} 50. Rd7 {[%clk 0:10:03]} Rc2
{[%clk 0:13:22]} 51. Ra7 {[%clk 0:09:45]} Ke6 {[%clk 0:12:44]} 52. Ra4
{[%clk 0:09:33]} Rc3 {[%clk 0:11:08]} 53. Bf2 {[%clk 0:08:13]} Kd5
{[%clk 0:11:17]} 54. Rf4 {[%clk 0:07:28]} Re6 {[%clk 0:10:54]} 55. Rf8
{[%clk 0:07:13]} Kc4 {[%clk 0:10:43]} 56. Rf7 {[%clk 0:05:28]} Kd3
{[%clk 0:08:30]} 57. Rf8 {[%clk 0:04:35]} Ke2 {[%clk 0:08:21]} 58. Bd4
{[%clk 0:04:13]} Rd3 {[%clk 0:06:44]} 59. Rf4 {[%clk 0:04:02]} Kf1
{[%clk 0:06:17]} 60. Bg7 {[%clk 0:03:13]} Re2 {[%clk 0:03:11]} 61. Rc4
{[%clk 0:02:26]} Ree3 {[%clk 0:02:06]} 62. Rc1+ {[%clk 0:02:10]} Ke2
{[%clk 0:02:32]} 63. Rc2+ {[%clk 0:02:33]} Kd1 {[%clk 0:02:27]} 64. Rf2
{[%clk 0:02:55]} Re4 {[%clk 0:01:21]} 65. Ra2 {[%clk 0:02:04]} Rg4+
{[%clk 0:00:47]} 66. Kf2 {[%clk 0:01:24]} Rf4 {[%clk 0:00:43]} 67. Be5
{[%clk 0:01:06]} Rfxf3+ {[%clk 0:00:48]} 68. Kg2 {[%clk 0:01:10]} Rfe3
{[%clk 0:01:04]} 69. Bf4 {[%clk 0:00:48]} Re4 {[%clk 0:00:50]} 70. Ra1+
{[%clk 0:00:52]} Ke2 {[%clk 0:01:11]} 71. Ra2+ {[%clk 0:01:09]} Ke1
{[%clk 0:00:49]} 72. Ra1+ {[%clk 0:01:08]} Rd1 {[%clk 0:00:39]} 73. Bg3+
{[%clk 0:00:41]} Ke2 {[%clk 0:01:07]} 74. Rxd1 {[%clk 0:00:41]} Kxd1
{[%clk 0:01:36]} 75. c6 {[%clk 0:01:02]} Rc4 {[%clk 0:02:01]} 76. c7
{[%clk 0:01:29]} Ke2 {[%clk 0:02:24]} 77. Bd6 {[%clk 0:01:25]} Ke3
{[%clk 0:02:31]} 78. Kg3 {[%clk 0:01:08]} Ke4 {[%clk 0:02:59]} 79. Kg2
{[%clk 0:01:19]} Rc3 {[%clk 0:03:04]} 80. Bg3 {[%clk 0:01:19]} Rc2+
{[%clk 0:03:11]} 81. Kh3 {[%clk 0:01:14]} Kf5 {[%clk 0:03:34]} 82. Bd6
{[%clk 0:00:45]} Rc3+ {[%clk 0:03:41]} 83. Bg3 {[%clk 0:00:39]} Rc2
{[%clk 0:03:35]} 84. Bd6 {[%clk 0:00:56]} Rc6 {[%clk 0:03:46]} 85. Bg3
{[%clk 0:01:16]} Rc3 {[%clk 0:04:10]} 0-1

[Event "WCO 2016"]
[Site "?"]
[Date "2016.09.11"]
[Round "9"]
[Board "12"]
[WhiteID "1209914"]
[White "Dragomirescu Angela"]
[BlackID "3511685"]
[Black "Hernandez Moya Yuleisy"]
[Result "0-1"]
[BlackElo "2264"]
[WhiteElo "2227"]
[LiveChessVersion "1.4.8"]

1. d4 {[%clk 1:30:54]} f5 {[%clk 1:30:50]} 2. Bg5 {[%clk 1:31:00]} g6
{[%clk 1:30:58]} 3. e3 {[%clk 1:29:28]} Nh6 {[%clk 1:30:32]} 4. h4
{[%clk 1:26:58]} Nf7 {[%clk 1:30:29]} 5. Bf4 {[%clk 1:25:17]} Bg7
{[%clk 1:27:33]} 6. Nc3 {[%clk 1:25:18]} d6 {[%clk 1:21:47]} 7. Nf3
{[%clk 1:13:58]} c6 {[%clk 1:15:39]} 8. Qd2 {[%clk 1:06:48]} e5 {[%clk 1:05:08]}
9. dxe5 {[%clk 0:57:58]} dxe5 {[%clk 1:05:22]} 10. Qxd8+ {[%clk 0:58:18]} Kxd8
{[%clk 1:05:47]} 11. O-O-O+ {[%clk 0:55:05]} Ke7 {[%clk 0:55:37]} 12. Bg3
{[%clk 0:55:24]} Be6 {[%clk 0:55:47]} 13. Ng5 {[%clk 0:55:02]} Nxg5
{[%clk 0:55:37]} 14. hxg5 {[%clk 0:55:27]} Nd7 {[%clk 0:55:49]} 15. Be2
{[%clk 0:45:10]} h6 {[%clk 0:47:54]} 16. gxh6 {[%clk 0:39:02]} Bxh6
{[%clk 0:48:11]} 17. Kb1 {[%clk 0:37:24]} Rag8 {[%clk 0:40:04]} 18. Rde1
{[%clk 0:26:58]} b5 {[%clk 0:31:37]} 19. f4 {[%clk 0:21:16]} g5 {[%clk 0:30:21]}
20. fxe5 {[%clk 0:15:32]} Bg7 {[%clk 0:30:42]} 21. Bf3 {[%clk 0:14:01]} Bxe5
{[%clk 0:29:27]} 22. Bf2 {[%clk 0:09:56]} Rc8 {[%clk 0:21:20]} 23. Rxh8
{[%clk 0:08:27]} Bxh8 {[%clk 0:21:38]} 24. Rh1 {[%clk 0:08:49]} Bg7
{[%clk 0:15:40]} 25. Rh7 {[%clk 0:06:38]} Kf8 {[%clk 0:15:46]} 26. Bg3
{[%clk 0:06:04]} Nf6 {[%clk 0:12:05]} 27. Rh1 {[%clk 0:06:10]} g4
{[%clk 0:11:53]} 28. Be2 {[%clk 0:06:03]} Kg8 {[%clk 0:08:43]} 29. Bd3
{[%clk 0:05:06]} b4 {[%clk 0:07:23]} 30. Ne2 {[%clk 0:04:39]} Ne4
{[%clk 0:06:06]} 31. Bxe4 {[%clk 0:02:51]} fxe4 {[%clk 0:06:28]} 32. Bf4
{[%clk 0:00:58]} Rd8 {[%clk 0:04:03]} 33. Kc1 {[%clk 0:00:46]} Bxa2
{[%clk 0:02:24]} 34. Rh5 {[%clk 0:00:52]} Rd5 {[%clk 0:00:58]} 35. Rh4
{[%clk 0:00:40]} Bc4 {[%clk 0:01:11]} 36. Ng3 {[%clk 0:00:47]} Ra5
{[%clk 0:01:25]} 37. Rxg4 {[%clk 0:00:48]} Be6 {[%clk 0:00:50]} 38. Rg5
{[%clk 0:00:56]} Ra1+ {[%clk 0:00:37]} 39. Kd2 {[%clk 0:01:26]} Kf7
{[%clk 0:01:05]} 40. Nxe4 {[%clk 0:30:36]} Bxb2 {[%clk 0:30:44]} 41. Be5
{[%clk 0:23:48]} Bxe5 {[%clk 0:27:17]} 42. Rxe5 {[%clk 0:24:16]} Bd5
{[%clk 0:27:33]} 43. g4 {[%clk 0:20:18]} a5 {[%clk 0:26:18]} 44. Nc5
{[%clk 0:17:41]} a4 {[%clk 0:14:43]} 45. e4 {[%clk 0:17:48]} Bc4 {[%clk 0:13:50]}
46. Nd3 {[%clk 0:12:48]} Bxd3 {[%clk 0:08:10]} 47. Kxd3 {[%clk 0:13:03]} a3
{[%clk 0:08:17]} 48. Ra5 {[%clk 0:09:26]} Re1 {[%clk 0:06:22]} 49. Kc4
{[%clk 0:05:43]} Rxe4+ {[%clk 0:05:37]} 50. Kb3 {[%clk 0:06:03]} Rxg4
{[%clk 0:04:20]} 51. Rc5 {[%clk 0:01:04]} Rg1 {[%clk 0:04:30]} 52. Ra5
{[%clk 0:00:50]} Rb1+ {[%clk 0:04:45]} 53. Kc4 {[%clk 0:01:06]} Ke6
{[%clk 0:02:14]} 54. c3 {[%clk 0:01:00]} c5 {[%clk 0:01:57]} 55. cxb4
{[%clk 0:00:37]} cxb4 {[%clk 0:02:16]} 56. Ra8 {[%clk 0:00:38]} Rb2
{[%clk 0:02:09]} 57. Ra6+ {[%clk 0:00:34]} Ke5 {[%clk 0:02:30]} 58. Ra8
{[%clk 0:00:44]} a2 {[%clk 0:02:32]} 59. Kd3 {[%clk 0:00:40]} b3 {[%clk 0:02:32]}
60. Ra5+ {[%clk 0:00:36]} Kf4 {[%clk 0:01:39]} 61. Ra4+ {[%clk 0:00:36]} Kf3
{[%clk 0:01:51]} 62. Ra3 {[%clk 0:00:38]} Rb1 {[%clk 0:02:11]} 63. Kd4 0-1